Marketization in eldercare provision with respect to the finnish case

Univerzálne princípy sociálnej politiky a služieb sociálnej starostlivosti vo Fínsku v priebehu ekonomickej recesie. Poskytovanie služieb sociálnej starostlivosti pre starších ľudí vo Fínsku.

Gespeichert in:
Bibliographische Detailangaben
1. Verfasser: Kováčová, Jaroslava
Format: Buchkapitel
Sprache:Englisch
Schlagworte:
Tags: Tag hinzufügen
Keine Tags, Fügen Sie das erste Tag hinzu!

MARC

LEADER 00000nla a2200000 4500
001 0180736
005 20240502073104.9
041 0 |a eng 
044 |a SK 
245 1 0 |a Marketization in eldercare provision with respect to the finnish case  |c Jaroslava Kováčová 
520 |a Univerzálne princípy sociálnej politiky a služieb sociálnej starostlivosti vo Fínsku v priebehu ekonomickej recesie. Poskytovanie služieb sociálnej starostlivosti pre starších ľudí vo Fínsku. 
610 2 0 |a Fínsko 
610 2 0 |a politika sociálna 
610 2 0 |a problémy spoločenské 
610 2 0 |a služby sociálne 
610 2 0 |a potreby sociálne 
610 2 0 |a seniori 
100 1 |a Kováčová, Jaroslava